| 000 | 00961cam a2200277 4500 | ||
|---|---|---|---|
| 999 |
_c128801 _d128801 |
||
| 001 | 2264513 | ||
| 003 | ARRUPE | ||
| 005 | 20190123135327.0 | ||
| 008 | 701201t19701961mauab b 000 0 eng | ||
| 010 | _a 78018591 | ||
| 040 |
_aDLC _cDLC _dDLC |
||
| 041 | 1 | _aengrus | |
| 043 | _ae-ur--- | ||
| 050 | 0 | 0 |
_aSPC. CC105.R9 _bM613 1961 |
| 082 | 0 | 0 | _a914.7/03/1 |
| 100 | 1 |
_aMongaĭt, A. L. _q(Aleksandr Lʹvovich), _d1915-1974. _944093 |
|
| 245 | 1 | 0 |
_aArchaeology in the USSR _c[by] A. L. Mongait. Translated and adapted by M. W. Thompson. |
| 260 |
_aMiddlesex, _bPenguin Books, _c1961 |
||
| 300 |
_a320 p. _billus., maps. _c21 cm. |
||
| 500 | _aTranslation of Arkheologii︠a︡ v SSSR. | ||
| 504 | _aBibliography: p. [310]-313. | ||
| 650 | 0 |
_aArchaeology _xHistory. _936192 |
|
| 651 | 0 |
_aSoviet Union _xAntiquities. _944094 |
|
| 906 |
_a7 _bcbc _corignew _d2 _encip _f19 _gy-gencatlg |
||
| 942 |
_2lcc _cSPC |
||